000 00769nam a2200229Ia 4500
003 GCL
008 140319s9999 xx 000 0 ara d
040 _aGCL /
_cGCL
082 0 4 _a658
_bد أ
100 1 _aدنكان، و. جاك
245 1 0 _aافكار عظيمة فى الادارة: دروس من مؤسسى ومؤسسات العمل الادارى /
_cدنكان، و. جاك
700 1 _aمحمد الحديدى
260 _aالقاهرة :
_bالدار الدولية للنشر والتوزيع ،
_c1991
300 _a330 ص ؛
_c24 سم
490 _a
650 0 4 _aالادارة
650 0 4 _aتعليم
650 0 4 _aتعليم وتدريس
650 0 4 _aالقيادة الادارية
650 0 4 _aالاداريون
942 _2ddc
_cBK
999 _c29966
_d29966